书目信息 |
| 题名: |
论人的成长
|
|
| 作者: | 罗杰斯 著 ;石孟磊 译 | |
| 分册: | ||
| 出版信息: | 北京 世界图书出版公司北京公司 2015 |
|
| 页数: | 310页 | |
| 开本: | 23cm | |
| 丛书名: | ||
| 单 册: | ||
| 中图分类: | B087 | |
| 科图分类: | ||
| 主题词: | 人本主义--ren ben zhu yi--研究 | |
| 电子资源: | ||
| ISBN: | 978-7-5100-8558-1 | |
| 000 | 01211nam0 22002651 450 | |
| 001 | 1754483215 | |
| 005 | 20170516112211.0 | |
| 010 | @a978-7-5100-8558-1@dCNY68.00 | |
| 100 | @a20150416d2015 em y0chiy50 ea | |
| 101 | 1 | @achi@ceng |
| 102 | @aCN@b110000 | |
| 105 | @ay z 000yy | |
| 106 | @ar | |
| 200 | 1 | @a论人的成长@9lun ren de cheng chang@f(美)卡尔·罗杰斯著@g石孟磊等译 |
| 210 | @a北京@c世界图书出版公司北京公司@d2015 | |
| 215 | @a310页@d23cm | |
| 312 | @a版权页英文题名:A way of being: the founder of the human potential movement looks back on a distinguished | |
| 330 | @a本书作者回顾了自己的人际关系经历、成长体验,以及人生观的起源等;详细介绍了其个人的专业观点和参加的各种活动;重点讨论了教育问题,提到了他对于教育性质的认识以及展望。在本书的最后一部分中,发表了他对文化巨大改变的看法,也推测了我们的世界会以什么样的方式变化。 | |
| 510 | 1 | @aWay of being@ethe founder of the human potential movement looks back on a distinguished@zeng |
| 606 | 0 | @a人本主义@9ren ben zhu yi@x研究 |
| 690 | @aB087@v5 | |
| 701 | 0 | @c(美)@a罗杰斯@9luo jie si@c(Rogers, Carl Ransom@f1902~1987)@4著 |
| 702 | 0 | @a石孟磊@9shi meng lei@4译 |
| 801 | 0 | @aCN@b百万庄@c20170512 |
| 905 | @b1005318-23@dB087@e69@f6 | |
| 论人的成长/(美)卡尔·罗杰斯著/石孟磊等译.-北京:世界图书出版公司北京公司,2015 |
| 310页;23cm |
| ISBN 978-7-5100-8558-1:CNY68.00 |
| 本书作者回顾了自己的人际关系经历、成长体验,以及人生观的起源等;详细介绍了其个人的专业观点和参加的各种活动;重点讨论了教育问题,提到了他对于教育性质的认识以及展望。在本书的最后一部分中,发表了他对文化巨大改变的看法,也推测了我们的世界会以什么样的方式变化。 |
| ● |
| 相关链接 |
|
|
|
|
正题名:论人的成长
索取号:B087/69
 
预约/预借
| 序号 | 登录号 | 条形码 | 馆藏地/架位号 | 状态 | 备注 |
| 1 | 1005318 | 210053181 | 第一样本阅览室/ [索取号:B087/69] | 在馆 | |
| 2 | 1005319 | 210053190 | 教育系资料室/ [索取号:B087/69] | 在馆 | |
| 3 | 1005320 | 210053207 | 教育系资料室/ [索取号:B087/69] | 在馆 | |
| 4 | 1005321 | 210053216 | 教育系资料室/ [索取号:B087/69] | 在馆 | |
| 5 | 1005322 | 210053225 | 第一借阅区/ [索取号:B087/69] | 在馆 | |
| 6 | 1005323 | 210053234 | 第一借阅区/ [索取号:B087/69] | 在馆 |